000 00356nam a22001457a 4500
003 OSt
005 20170523112500.0
008 170523b xxu||||| |||| 00| 0 eng d
020 _a1269121200
020 _a9781269121200
040 _cRU
245 _aEnglish, mercury reader
_cJanice Neuleib et all
260 _aBoston
_bPearson
_c2013
942 _2lcc
_cBK
999 _c256428
_d256427